| 000 | 00915nam a2200229Ii 4500 | ||
|---|---|---|---|
| 003 | JO-AjNU | ||
| 008 | 230605s9999||||xx |||||||||||||| ||und|| | ||
| 017 | _a40914 | ||
| 020 | _a978-9957-07-976-5 | ||
| 040 |
_aJO-AjNU _bara _erda _cJO-AjNU |
||
| 041 | _aara | ||
| 050 | 1 | 4 | _aBF408.2013 |
| 100 | 3 |
_aJalongo,Mary.R , Isenberg,Joan.P ،طبال،سهى عبد الرحيم/ترجمة, _eauthor _943057 |
|
| 245 | 0 | 0 | _aالتفكير الابداعي والتعلم المبني على الفنون =Creative Thinking and Arts-Based Learning Preschool Through Fourth Grade |
| 250 | _aط1 | ||
| 264 | 3 | 1 | _aعمان:دار الفكر ناشرون وموزعون ،2013 |
| 300 | _a504ص | ||
| 336 |
_atext _btxt _2rdacontent |
||
| 337 |
_aunmediated _bn _2rdamedia |
||
| 338 |
_avolume _bnc _2rdacarrier |
||
| 650 | 4 |
_aالتفكير الابداعي-الذاكرة-التعلم-التربية الخاصة _943058 |
|
| 999 |
_aA18483 _c22051 _d22051 |
||